[Event "Montreal Mercredi 10"]
[Site "Montreal"]
[Date "2016.11.09"]
[Round "5"]
[White "Have, Didier"]
[Black "Luo, Zhao Yang"]
[Result "0-1"]
[WhiteElo "1976"]
[BlackElo "2073"]
[PlyCount "42"]
[EventDate "2016.10.12"]
[EventType "swiss"]
[EventRounds "5"]
[EventCountry "CAN"]
[SourceTitle "EXT 2022"]
[Source "ChessBase"]
[SourceDate "2021.10.06"]
[SourceVersion "1"]
[SourceVersionDate "2021.10.06"]
[SourceQuality "1"]

1. e4 c6 2. d4 d5 3. f3 Qc7 4. Nc3 dxe4 5. fxe4 Nf6 6. Nf3 Bg4 7. Bd3 Nbd7 8. 0-0 e5 9. Be3 Bb4 10. Qe1 0-0 11. Qh4 Bh5 12. dxe5 Nxe5 13. Nxe5 Qxe5 14. Rf5 Qe7 15. Rxh5 Nxh5 16. Qxh5 f5 17. Qg5 Qe5 18. exf5 Rae8 19. Bc4+ Kh8 20. Be6 Bc5 21. Re1 Rxe6 0-1

[Event "Montreal Ligue elite du dimanche"]
[Site "Montreal"]
[Date "2016.10.02"]
[Round "3"]
[White "Luo, Zhao Yang"]
[Black "Rodrigue Lemieux, Shawn"]
[Result "1-0"]
[WhiteElo "2073"]
[BlackElo "2110"]
[PlyCount "67"]
[EventDate "2016.09.18"]
[EventType "swiss"]
[EventRounds "5"]
[EventCountry "CAN"]
[SourceTitle "EXT 2022"]
[Source "ChessBase"]
[SourceDate "2021.10.06"]
[SourceVersion "1"]
[SourceVersionDate "2021.10.06"]
[SourceQuality "1"]

1. d4 d5 2. Nf3 c6 3. Bf4 Nf6 4. e3 g6 5. Be2 Bg7 6. 0-0 Nbd7 7. h3 Ne4 8. c4 dxc4 9. Qc2 Nb6 10. a4 Bf5 11. g4 Nxf2 12. gxf5 Nxh3+ 13. Kh2 Nxf4 14. exf4 Qd6 15. Qd2 gxf5 16. Nc3 Rg8 17. Kh1 Qh6+ 18. Nh2 0-0-0 19. a5 Rd6 20. axb6 Bxd4 21. Bd1 Bg1 22. bxa7 Rxd2 23. a8Q+ Kc7 24. Nb5+ cxb5 25. Qa5+ Qb6 26. Qxd2 Bxh2 27. Qxh2 Rg6 28. Bh5 Qc6+ 29. Bf3 Qb6 30. Qf2 Rh6+ 31. Kg1 Qg6+ 32. Bg2 Qh5 33. Qc5+ Kb8 34. Ra8+ 1-0

[Event "Canadian op U2400"]
[Site "Montreal"]
[Date "2014.07.22"]
[Round "5"]
[White "Noritsyn, Sergey"]
[Black "Luo, Zhao Yang"]
[Result "0-1"]
[WhiteElo "1821"]
[BlackElo "1959"]
[PlyCount "74"]
[EventDate "2014.07.19"]
[EventType "swiss"]
[EventRounds "9"]
[EventCountry "CAN"]
[SourceTitle "EXT 2022"]
[Source "ChessBase"]
[SourceDate "2021.10.06"]
[SourceVersion "1"]
[SourceVersionDate "2021.10.06"]
[SourceQuality "1"]

1. e4 c6 2. d4 d5 3. exd5 cxd5 4. c4 Nc6 5. Nc3 e6 6. Nf3 Bb4 7. cxd5 exd5 8. Bd3 Nf6 9. 0-0 0-0 10. Bg5 Be7 11. Bc2 Bg4 12. Ne2 Ne4 13. Bxe7 Qxe7 14. a3 Qf6 15. Qd3 g6 16. Rad1 Rac8 17. Bb3 Rfd8 18. Ng3 Bxf3 19. gxf3 Ng5 20. Kg2 Nxd4 21. Ba2 Qe6 22. Rg1 Ndxf3 23. Nf5 Qxf5 24. Qxf5 gxf5 25. Rgf1 d4 26. Kg3 Ne5 27. Kf4 Ngf3 28. Kxf5 d3 29. h4 d2 30. Bb1 Nc4 31. Be4 Nxb2 32. Bxf3 Nxd1 33. Bxd1 Rc1 34. Kf6 Rd6+ 35. Kf5 Re6 36. Rg1+ Kf8 37. h5 Re1 0-1

[Event "Montreal Pere Noel op"]
[Site "Montreal"]
[Date "2013.12.30"]
[Round "5"]
[White "Luo, Zhao Yang"]
[Black "Zhu, Hong Rui"]
[Result "1/2-1/2"]
[WhiteElo "2042"]
[BlackElo "2128"]
[PlyCount "104"]
[EventDate "2013.12.26"]
[EventType "swiss"]
[EventRounds "5"]
[EventCountry "CAN"]
[SourceTitle "CBM 158 Extra"]
[Source "ChessBase"]
[SourceDate "2014.02.28"]
[SourceVersion "1"]
[SourceVersionDate "2014.02.28"]
[SourceQuality "1"]

1. e4 c5 2. Ne2 Nc6 3. d4 cxd4 4. Nxd4 g6 5. c4 Nf6 6. Nc3 d6 7. Be2 Nxd4 8. Qxd4 Bg7 9. Be3 0-0 10. Qd2 Re8 11. 0-0 Bd7 12. Rfd1 Bc6 13. f3 Qa5 14. Nd5 Qxd2 15. Bxd2 Bxd5 16. cxd5 Nd7 17. Bb5 Red8 18. Ba5 b6 19. Bc3 Bxc3 20. bxc3 Rac8 21. Rac1 Rc5 22. Bxd7 Rxd7 23. Rc2 Rdc7 24. Rdc1 b5 25. Kf2 Rc4 26. Ke3 Kg7 27. Kd3 Kf6 28. Rb1 a6 29. g3 Ra4 30. Rb4 Rc4 31. Rcb2 Rcxb4 32. cxb4 Ra3+ 33. Ke2 Ke5 34. Rc2 Ra4 35. Ke3 Rxb4 36. Rc6 Ra4 37. f4+ Kf6 38. e5+ Kg7 39. exd6 exd6 40. Rxd6 Kf8 41. Rc6 Ke7 42. d6+ Kd7 43. Rc7+ Kxd6 44. Rxf7 Ke6 45. Rxh7 Rxa2 46. g4 Rc2 47. Rb7 Rc6 48. h4 Kf6 49. Kd3 Rc4 50. Rb6+ Kg7 51. Rxa6 Rxf4 52. h5 gxh5 1/2-1/2

[Event "Montreal Pere Noel op"]
[Site "Montreal"]
[Date "2013.12.29"]
[Round "4"]
[White "Procacci, Sergio"]
[Black "Luo, Zhao Yang"]
[Result "0-1"]
[WhiteElo "2019"]
[BlackElo "2042"]
[PlyCount "52"]
[EventDate "2013.12.26"]
[EventType "swiss"]
[EventRounds "5"]
[EventCountry "CAN"]
[SourceTitle "CBM 158 Extra"]
[Source "ChessBase"]
[SourceDate "2014.02.28"]
[SourceVersion "1"]
[SourceVersionDate "2014.02.28"]
[SourceQuality "1"]

1. e4 c6 2. d4 d5 3. e5 c5 4. c3 Nc6 5. Nf3 Bg4 6. dxc5 e6 7. Be3 Bxf3 8. Qxf3 Nxe5 9. Bb5+ Nc6 10. 0-0 Nf6 11. c4 Be7 12. Nc3 a6 13. Ba4 0-0 14. cxd5 exd5 15. Rfd1 Ne5 16. Qf5 Nc4 17. Nxd5 Nxd5 18. Rxd5 Qa5 19. Bc2 g6 20. Qe4 Nxe3 21. fxe3 Bxc5 22. Re5 Qb6 23. Bb3 Kg7 24. Re1 Rad8 25. Qc4 Rc8 26. Qc3 Bb4 0-1

[Event "Toronto NAYCC U18"]
[Site "Toronto"]
[Date "2013.08.17"]
[Round "6"]
[White "Luo, Zhao Yang"]
[Black "Inigo, Aquino"]
[Result "0-1"]
[WhiteElo "1982"]
[BlackElo "2241"]
[PlyCount "54"]
[EventDate "2013.08.14"]
[EventType "swiss"]
[EventRounds "9"]
[EventCountry "CAN"]
[SourceTitle "EXT 2022"]
[Source "ChessBase"]
[SourceDate "2021.10.06"]
[SourceVersion "1"]
[SourceVersionDate "2021.10.06"]
[SourceQuality "1"]

1. d4 d5 2. Nf3 Nf6 3. e3 c5 4. b3 Nc6 5. Bd3 e6 6. 0-0 Be7 7. Bb2 0-0 8. Nbd2 b6 9. Ne5 Nxe5 10. dxe5 Nd7 11. Qh5 g6 12. Qh6 Qe8 13. c4 Bb7 14. Rfd1 Qb8 15. Nf3 Rd8 16. cxd5 Bxd5 17. Bxg6 fxg6 18. Rxd5 exd5 19. e6 Nf6 20. Ng5 d4 21. Rd1 Qe5 22. Nf7 Qh5 23. Qxh5 Nxh5 24. Nxd8 Rxd8 25. exd4 cxd4 26. Bxd4 Bf6 27. g4 Rxd4 0-1

[Event "Toronto NAYCC U18"]
[Site "Toronto"]
[Date "2013.08.16"]
[Round "4"]
[White "Luo, Zhao Yang"]
[Black "Sohal, Tanraj"]
[Result "1/2-1/2"]
[WhiteElo "1982"]
[BlackElo "2497"]
[PlyCount "104"]
[EventDate "2013.08.14"]
[EventType "swiss"]
[EventRounds "9"]
[EventCountry "CAN"]
[SourceTitle "EXT 2022"]
[Source "ChessBase"]
[SourceDate "2021.10.06"]
[SourceVersion "1"]
[SourceVersionDate "2021.10.06"]
[SourceQuality "1"]

1. d4 d5 2. Nf3 Nf6 3. e3 g6 4. Be2 Bg7 5. 0-0 0-0 6. c4 c6 7. Nc3 a6 8. b3 b5 9. Ne5 e6 10. Bd2 Nfd7 11. f4 f6 12. Nd3 Bb7 13. a4 bxc4 14. bxc4 a5 15. cxd5 cxd5 16. Qb3 Bc6 17. Rab1 Kh8 18. Rfc1 Re8 19. Ne1 Bf8 20. Bb5 Bb4 21. Nd3 Bxb5 22. axb5 Bxc3 23. Qxc3 Nb6 24. Ra1 a4 25. Nb2 Qd7 26. Qb4 a3 27. Rxa3 Rxa3 28. Qxa3 Qxb5 29. Ba5 N6d7 30. Nd3 Kg8 31. Nc5 Rc8 32. Nxd7 Rxc1+ 33. Qxc1 Qxd7 34. Qc5 Nc6 35. Bc3 Qb7 36. Kf2 Kf7 37. g4 g5 38. f5 Qd7 39. e4 dxe4 40. fxe6+ Kxe6 41. Qf5+ Kd6 42. Qxf6+ Kd5 43. Qxg5+ Kc4 44. Qc5+ Kd3 45. d5 Qf7+ 46. Ke1 Qf3 47. Qb5+ Kxc3 48. dxc6 Qe3+ 49. Kf1 Qf3+ 50. Ke1 Qe3+ 51. Kf1 Qf3+ 52. Ke1 Qe3+ 1/2-1/2

[Event "CAN-ch U18"]
[Site "Ottawa"]
[Date "2013.07.10"]
[Round "2"]
[White "Kraiouchkine, Nikita"]
[Black "Luo, Zhao Yang"]
[Result "1-0"]
[WhiteElo "2334"]
[BlackElo "1943"]
[PlyCount "163"]
[EventDate "2013.07.10"]
[EventType "swiss"]
[EventRounds "6"]
[EventCountry "CAN"]
[SourceTitle "EXT 2022"]
[Source "ChessBase"]
[SourceDate "2021.10.06"]
[SourceVersion "1"]
[SourceVersionDate "2021.10.06"]
[SourceQuality "1"]

1. e4 c6 2. c4 d5 3. exd5 cxd5 4. d4 Nf6 5. Nc3 Nc6 6. Bg5 dxc4 7. d5 Ne5 8. Qd4 Ng6 9. Nf3 h6 10. Be3 e6 11. Bxc4 exd5 12. 0-0-0 Be7 13. Nxd5 0-0 14. Nc3 Qa5 15. Bd2 Bf5 16. Nd5 Qc5 17. Nxf6+ gxf6 18. Bc3 Rac8 19. Bd3 Bxd3 20. Rxd3 Rfd8 21. Qxc5 Bxc5 22. Rxd8+ Rxd8 23. Bxf6 Rd6 24. Bc3 Bxf2 25. Rf1 Be3+ 26. Kc2 f5 27. Ne1 f4 28. Nd3 Rd5 29. Rd1 Nh4 30. g3 fxg3 31. hxg3 Nf5 32. Re1 Kf7 33. Ne5+ Kg8 34. Ng6 Rd6 35. Nh4 Nxh4 36. Rxe3 Nf5 37. Re4 Kf7 38. g4 Ne7 39. Bd2 Rg6 40. Kd3 Nd5 41. Rc4 a6 42. Ke2 Ke6 43. Kf3 Kd6 44. b3 b5 45. Rc8 Nf6 46. Ra8 Ke7 47. Rxa6 Nxg4 48. Rxg6 Ne5+ 49. Ke4 Nxg6 50. Kd5 h5 51. Kc5 h4 52. Be1 Kd7 53. Kxb5 h3 54. Bg3 Kc8 55. Ka6 Nh4 56. b4 Nf3 57. b5 h2 58. b6 h1Q 59. b7+ Kd7 60. b8Q Qf1+ 61. Ka5 Qd3 62. Qc7+ Ke6 63. Qc6+ Kf5 64. Qb5+ Qxb5+ 65. Kxb5 Nd4+ 66. Kb6 Ke6 67. Bf2 Nc2 68. Bc5 Na1 69. Kc6 Kf5 70. Bf8 Ke6 71. Bc5 Kf5 72. Bb4 Ke4 73. Kb5 Kd5 74. Bc5 Ke6 75. Kc6 Ke5 76. Bf2 Ke4 77. Kc5 Kd3 78. Bh4 Kc2 79. Be1 Kb2 80. a4 Ka3 81. Kb5 Nb3 82. Bc3 1-0

[Event "Montreal Jeunes Espoirs"]
[Site "Montreal"]
[Date "2013.06.30"]
[Round "10"]
[White "Luo, Zhao Yang"]
[Black "Sprumont, Oscar"]
[Result "1/2-1/2"]
[WhiteElo "1962"]
[BlackElo "1955"]
[PlyCount "44"]
[EventDate "2013.06.21"]
[EventType "tourn"]
[EventRounds "10"]
[EventCountry "CAN"]
[SourceTitle "EXT 2022"]
[Source "ChessBase"]
[SourceDate "2021.10.06"]
[SourceVersion "1"]
[SourceVersionDate "2021.10.06"]
[SourceQuality "1"]

1. d4 Nf6 2. Nf3 c5 3. e3 g6 4. Be2 Bg7 5. 0-0 0-0 6. c4 cxd4 7. exd4 d5 8. Ne5 dxc4 9. Bxc4 Nc6 10. Nxc6 bxc6 11. Nc3 Nd5 12. Be3 Be6 13. Qe2 Nxc3 14. bxc3 Bxc4 15. Qxc4 Qd5 16. Qa4 e5 17. Rfd1 exd4 18. Bxd4 Qb5 19. Qc2 Rfd8 20. Bxg7 Kxg7 21. Rab1 Qa6 22. h3 Kg8 1/2-1/2

[Event "Montreal Jeunes Espoirs"]
[Site "Montreal"]
[Date "2013.06.28"]
[Round "6"]
[White "Chiku Ratte, Olivier Kenta"]
[Black "Luo, Zhao Yang"]
[Result "1-0"]
[WhiteElo "2106"]
[BlackElo "1962"]
[PlyCount "90"]
[EventDate "2013.06.21"]
[EventType "tourn"]
[EventRounds "10"]
[EventCountry "CAN"]
[SourceTitle "EXT 2022"]
[Source "ChessBase"]
[SourceDate "2021.10.06"]
[SourceVersion "1"]
[SourceVersionDate "2021.10.06"]
[SourceQuality "1"]

1. d4 g6 2. c4 c5 3. d5 e5 4. e4 d6 5. Nc3 Bh6 6. Bxh6 Nxh6 7. Qd2 Ng4 8. f3 Nf6 9. g4 Na6 10. h4 h5 11. g5 Nd7 12. Bh3 Nc7 13. f4 exf4 14. Bxd7+ Bxd7 15. Qxf4 Qe7 16. Nf3 Bg4 17. Nh2 Bh3 18. Qg3 Bd7 19. 0-0 0-0-0 20. Rae1 Rhf8 21. Rf6 Ne8 22. e5 Bf5 23. e6 fxe6 24. Rxf8 Qxf8 25. dxe6 Qg7 26. Nf3 Qg8 27. Nd5 Qg7 28. e7 Rd7 29. Nf6 Qf7 30. Nxd7 Kxd7 31. Qf4 Be6 32. Qe4 Kxe7 33. Qxb7+ Kf8 34. Qxf7+ Kxf7 35. Nd2 Ng7 36. Rf1+ Nf5 37. Rf4 Ke7 38. Nf3 Kd7 39. Kf2 a6 40. b3 a5 41. Ke2 Ng3+ 42. Ke3 Bf5 43. Nd2 Be6 44. Ne4 Nxe4 45. Rxe4 Bh3 1-0

[Event "Montreal Jeunes Espoirs"]
[Site "Montreal"]
[Date "2013.06.21"]
[Round "1"]
[White "Luo, Zhao Yang"]
[Black "Chiku Ratte, Olivier Kenta"]
[Result "0-1"]
[WhiteElo "1962"]
[BlackElo "2106"]
[PlyCount "110"]
[EventDate "2013.06.21"]
[EventType "tourn"]
[EventRounds "10"]
[EventCountry "CAN"]
[SourceTitle "EXT 2022"]
[Source "ChessBase"]
[SourceDate "2021.10.06"]
[SourceVersion "1"]
[SourceVersionDate "2021.10.06"]
[SourceQuality "1"]

1. d4 Nf6 2. Nf3 c5 3. e3 b6 4. Bd3 Bb7 5. 0-0 g6 6. a4 Bg7 7. a5 0-0 8. c4 e6 9. Nc3 d6 10. Bd2 Re8 11. Be2 Ne4 12. Nxe4 Bxe4 13. Bc3 Nd7 14. Nd2 Bc6 15. Bf3 Qc7 16. Bxc6 Qxc6 17. Qa4 Qb7 18. Rfd1 Reb8 19. Nb3 b5 20. a6 Qb6 21. cxb5 Qxb5 22. Na5 d5 23. Nb7 Qxa4 24. Rxa4 cxd4 25. exd4 Rc8 26. Kf1 Rc6 27. Ke2 Rac8 28. Kd3 Bf8 29. Rc1 f6 30. f4 Bh6 31. g3 e5 32. Rf1 Nb6 33. Ra5 e4+ 34. Ke2 f5 35. Rc5 Bf8 36. Rxc6 Rxc6 37. Na5 Rc7 38. Ra1 Kf7 39. Kd2 Ke6 40. b4 Nc4+ 41. Nxc4 Rxc4 42. b5 Bb4 43. Bxb4 Rxb4 44. Rc1 Rxd4+ 45. Ke3 Rb4 46. Rc7 d4+ 47. Kd2 Rxb5 48. Rxa7 e3+ 49. Kd3 Rb3+ 50. Kxd4 e2 51. Ra8 Ke7 52. a7 e1Q 53. Re8+ Kxe8 54. a8Q+ Kf7 55. Qa7+ Qe7 0-1

[Event "Montreal Mercredi 04"]
[Site "Montreal"]
[Date "2013.04.03"]
[Round "1"]
[White "Boudreau, Daniel"]
[Black "Luo, Zhao Yang"]
[Result "0-1"]
[WhiteElo "2085"]
[BlackElo "2054"]
[PlyCount "76"]
[EventDate "2013.04.03"]
[EventType "swiss"]
[EventRounds "5"]
[EventCountry "CAN"]
[SourceTitle "EXT 2014"]
[Source "ChessBase"]
[SourceDate "2013.11.20"]
[SourceVersion "1"]
[SourceVersionDate "2013.11.20"]
[SourceQuality "1"]

1. e4 c6 2. d4 d5 3. exd5 cxd5 4. c4 Nc6 5. Nc3 Nf6 6. Bg5 dxc4 7. Bxc4 e6 8. Nf3 Be7 9. 0-0 0-0 10. Re1 b6 11. a3 Bb7 12. Qe2 Nd5 13. Bxe7 Ncxe7 14. Ne5 Nf5 15. Rad1 Nf4 16. Qg4 Nxg2 17. Nxf7 Rxf7 18. Rxe6 Kh8 19. Re5 Rf6 20. Rd3 Rg6 21. Qxf5 Nh4+ 22. Qxg6 Nxg6 23. Ree3 Qg5+ 24. Rg3 Qc1+ 25. Rd1 Qxb2 26. d5 Qxa3 27. d6 Ne5 28. d7 Rd8 29. Bb5 Nf3+ 30. Rxf3 Bxf3 31. Re1 Bh5 32. Re3 a6 33. Be2 Bg6 34. Bg4 Qd6 35. Ne4 Bxe4 36. Rxe4 Qg6 37. Rc4 h5 38. Kf1 Qxg4 0-1